000 00794nam a22001817a 4500
003 DO-CoUTE
005 20250818083822.0
008 250814b dr ||||| |||| 00| 0 spa d
040 _aDO-CoUTE
_bspa
_cDO-CoUTE
082 _aRD373.19
_bR299d
110 1 _aMinisterio de Educación,República Dominicana
_eInstitucion coopertativa
245 1 0 _aDiseño curricular.nivel secundario: segundo ciclo (4to, 5to y 6to) (2do, 3ro y 4to).Componente Academico modalidad Tecnico- profesional y modalidad en artes, version preliminar para revision y retroalimentacio/
_cMinisterio de Educación
260 _aSanto Domingo ;
_bRepublica Dominicana
_cMinerd
300 _a425 paginas :
650 _aEducación-Currículo
700 1 _aMinisterio de Educación.República Dominicana
942 _2ddc
_cBK
999 _c23874
_d23874